| 000 | 00702nam a2200217Ia 4500 | ||
|---|---|---|---|
| 003 | OSt | ||
| 005 | 20251015104149.0 | ||
| 008 | 220923b |||||||| |||| 00| 0 hin d | ||
| 037 | _cTB | ||
| 040 |
_aARTS _cARTS _bhin |
||
| 041 |
_2hin _ahin |
||
| 084 |
_aΔ:8627 152P0 _qAL |
||
| 100 |
_aBenham William George _9195705 |
||
| 245 | 0 | _ahaste reasonHaste key gain at home with Hindi Tr bakeries daft | |
| 260 |
_aNew Delhi _b Ranjan Publication India _c2000 |
||
| 300 |
_a306p. _ccm. |
||
| 650 |
_aSPIRurdALISM _9848320 |
||
| 700 |
_a Dwivedi Bhojraj Tr. _9195706 |
||
| 942 |
_hΔ:8627, 152P0 _cTB _2CC _n0 |
||
| 999 |
_c419525 _d419525 |
||